[Event "Moncada Cup"]
[Site "Santiago de Cuba"]
[Date "2017.03.26"]
[Round "7.2"]
[White "Arias Ambruster, Alberto"]
[Black "Cabrera Ladron de Guevara, Mayra"]
[Result "0-1"]
[WhiteElo "2095"]
[BlackElo "2078"]
[PlyCount "72"]
[EventDate "2017.03.21"]
[EventType "swiss"]
[EventRounds "10"]
[EventCountry "CUB"]
[SourceTitle "EXT 2023"]
[Source "ChessBase"]
[SourceDate "2022.10.05"]
[SourceVersion "1"]
[SourceVersionDate "2022.10.05"]
[SourceQuality "1"]

1. d4 Nf6 2. Nf3 e6 3. Bg5 Bb4+ 4. c3 Be7 5. e3 b6 6. Nbd2 Bb7 7. Bd3 d6 8. 0-0 Nbd7 9. e4 e5 10. Re1 0-0 11. Nc4 Ng4 12. Bc1 exd4 13. cxd4 d5 14. exd5 Bxd5 15. Nce5 Ndxe5 16. dxe5 Bc5 17. Rf1 Bxf3 18. Qxf3 Nxe5 19. Bxh7+ Kxh7 20. Qh5+ Kg8 21. Qxe5 Re8 22. Qg3 Re2 23. Bf4 Qf6 24. Rab1 Qf5 25. Be3 Bd6 26. Qf3 Qxf3 27. gxf3 Be5 28. Rfc1 c5 29. b4 cxb4 30. Rxb4 Rxa2 31. Rbc4 g6 32. Rc8+ Rxc8 33. Rxc8+ Kg7 34. Ra8 Ra1+ 35. Kg2 Bc3 36. Rc8 Bf6 0-1

[Event "Bayamo Cespedes Memorial op"]
[Site "Bayamo"]
[Date "2017.03.07"]
[Round "9.10"]
[White "Arias Ambruster, Alberto"]
[Black "Rivero Cardozo, Alejandro"]
[Result "1/2-1/2"]
[WhiteElo "2095"]
[BlackElo "1946"]
[PlyCount "38"]
[EventDate "2017.03.01"]
[EventType "swiss"]
[EventRounds "9"]
[EventCountry "CUB"]
[SourceTitle "EXT 2023"]
[Source "ChessBase"]
[SourceDate "2022.10.05"]
[SourceVersion "1"]
[SourceVersionDate "2022.10.05"]
[SourceQuality "1"]

1. d4 f5 2. Nf3 e6 3. g3 d5 4. Bg2 Nf6 5. 0-0 Bd6 6. c4 c6 7. b3 Qe7 8. a4 0-0 9. Ba3 Bxa3 10. Nxa3 Nbd7 11. Nc2 Ne4 12. Qd3 Kh8 13. e3 a5 14. Ne5 Nxe5 15. dxe5 Bd7 16. Rfd1 Nc5 17. Qc3 Ne4 18. Qd3 Nc5 19. Qc3 Ne4 1/2-1/2

[Event "Bayamo Cespedes Memorial op"]
[Site "Bayamo"]
[Date "2017.03.06"]
[Round "7.4"]
[White "Arias Ambruster, Alberto"]
[Black "Obregon Garcia, Roxangel"]
[Result "0-1"]
[WhiteElo "2095"]
[BlackElo "1953"]
[PlyCount "106"]
[EventDate "2017.03.01"]
[EventType "swiss"]
[EventRounds "9"]
[EventCountry "CUB"]
[SourceTitle "EXT 2023"]
[Source "ChessBase"]
[SourceDate "2022.10.05"]
[SourceVersion "1"]
[SourceVersionDate "2022.10.05"]
[SourceQuality "1"]

1. d4 d5 2. Nf3 Nf6 3. Bg5 Ne4 4. Bf4 e6 5. e3 Bd6 6. Bxd6 cxd6 7. c3 0-0 8. Nbd2 f5 9. Be2 Nc6 10. 0-0 g5 11. Ne1 Nxd2 12. Qxd2 e5 13. f4 exf4 14. exf4 g4 15. Nc2 Qf6 16. Ne3 Be6 17. Bd3 h5 18. Rae1 Rae8 19. Re2 Ne7 20. Rfe1 Bd7 21. Qc2 Qf7 22. Qb3 Bc6 23. Qa3 Qg6 24. Qb3 Qf7 25. Qc2 Bd7 26. Qb3 Bc6 27. a4 Kh8 28. Qa2 h4 29. b4 Rg8 30. b5 Bd7 31. c4 Qf6 32. Qb2 dxc4 33. Bxc4 Rgf8 34. Qd2 g3 35. h3 Ng6 36. Nd5 Qg7 37. Rxe8 Rxe8 38. Rxe8+ Bxe8 39. Bf1 Bf7 40. Nc3 Qh6 41. Ne2 Bc4 42. Qe3 Bxe2 43. Qe8+ Kh7 44. Qd7+ Qg7 45. Qxg7+ Kxg7 46. Bxe2 Nxf4 47. Bf3 d5 48. Kf1 Kf6 49. Ke1 Ke6 50. Kd2 Kd6 51. Ke3 Ne6 52. Kd3 Ng5 53. Be2 Nxh3 0-1

[Event "Bayamo Cespedes Memorial op"]
[Site "Bayamo"]
[Date "2017.03.05"]
[Round "6.5"]
[White "Lores Pulgares, Felix"]
[Black "Arias Ambruster, Alberto"]
[Result "1/2-1/2"]
[WhiteElo "2049"]
[BlackElo "2095"]
[PlyCount "28"]
[EventDate "2017.03.01"]
[EventType "swiss"]
[EventRounds "9"]
[EventCountry "CUB"]
[SourceTitle "EXT 2023"]
[Source "ChessBase"]
[SourceDate "2022.10.05"]
[SourceVersion "1"]
[SourceVersionDate "2022.10.05"]
[SourceQuality "1"]

1. e4 e5 2. Nf3 Nc6 3. Bb5 Nf6 4. d3 d6 5. 0-0 Be7 6. h3 0-0 7. c3 a6 8. Ba4 b5 9. Bc2 d5 10. Re1 dxe4 11. dxe4 Qxd1 12. Rxd1 h6 13. Be3 Be6 14. Nbd2 Rfd8 1/2-1/2

[Event "Bayamo Cespedes Memorial op"]
[Site "Bayamo"]
[Date "2017.03.04"]
[Round "4.2"]
[White "Aragon Placencia, Jesus"]
[Black "Arias Ambruster, Alberto"]
[Result "1/2-1/2"]
[WhiteElo "2077"]
[BlackElo "2095"]
[PlyCount "31"]
[EventDate "2017.03.01"]
[EventType "swiss"]
[EventRounds "9"]
[EventCountry "CUB"]
[SourceTitle "EXT 2023"]
[Source "ChessBase"]
[SourceDate "2022.10.05"]
[SourceVersion "1"]
[SourceVersionDate "2022.10.05"]
[SourceQuality "1"]

1. d4 d5 2. Nf3 Nf6 3. Bf4 e6 4. e3 Be7 5. Bd3 0-0 6. Nbd2 b6 7. c3 Bb7 8. 0-0 Nbd7 9. h3 h6 10. Ne5 c5 11. Re1 Ne4 12. Nxd7 Qxd7 13. a3 Nxd2 14. Qxd2 Bd6 15. Bxd6 Qxd6 16. Qe2 1/2-1/2